Quiz sur les rois/empereurs de France - Statistiques

Statistiques générales
  • Ce quiz a été pris 96 fois
  • Le résultat moyen est 12 sur 15
Statistiques - réponses
Hint Réponse % Correct
Qui est le 1er roi des Francs, et créateur de la dynastie mérovingienne? Clovis Ier
100%
Quel roi surnommait-on "le roi soleil"? Louis XIV
99%
Quel empereur fut couronné en 800? Charlemagne
98%
Quel roi fut guillotiné en 1793? Louis XVI
96%
Qui est le roi, symbole de la renaissance, ayant par exemple été le mécène de Léonard de Vinci? François Ier
85%
Quel roi mit fin aux guerres entre catholiques et protestants après la création de l'édit de Nantes? Henri IV
85%
Quel roi mit en place la dynastie des capétiens? Hugues Capet
84%
Quel est le seul roi à avoir été canonisé? Louis IX(Saint Louis)
83%
Quel empereur, dernier monarque français, à régné de 1852 à 1870? Napoléon III
82%
Quel célèbre empereur s'est lui-même couronné en 1804? Napoléon Ier
79%
Quel roi fut aidé par Jeanne d'Arc pour monter sur le trône, et "bouter les anglais hors de France"? Charles VII
72%
Qui est le dernier roi de France?(et non pas des Français) Charles X
72%
Quel roi était appelé "Philippe-Auguste"? Philippe II
65%
Quel est le roi de France ayant le moins vécu?(seulement 5 jours!) Jean Ier
54%
Quel roi mérovingien était surnommé "le Bref" Pépin III
35%
Aucun quiz correspondant
Distribution des résultats
% des personnes avec chaque résultat
Percentile par nombre de réponses
Votre historique - résultats
Vous n’avez pas pris ce quiz